Balkan Countries - Statistics

General Stats
  • This quiz has been taken 145 times
  • The average score is 12 of 13
Answer Stats
Hint Answer % Correct
Indepedence in 2008 Kosovo
97%
No Slovakia Slovenia
96%
Kebab Turkey
96%
North of Greece Albania
94%
Yugoslavia Serbia
94%
No beaches? Bosnia and Herzegovina
93%
The southernmost country of Europe Greece
93%
Indepedence in 2006 Montenegro
93%
The best Balkan country in football / soccer Croatia
92%
Bulgaria and Greece vs this country North Macedonia
92%
9% in the Balkans Romania
92%
Lost WW1 and WW2 Bulgaria
85%
Trieste Italy
81%
No matching quizzes found
Score Distribution
Percent of People with Each Score
Percentile by Number Answered
Your Score History
You have not taken this quiz